[Event "FRA-chT2 1011"]
[Site "France"]
[Date "2010.11.14"]
[Round "3.2"]
[White "Cathelineau, Didier"]
[Black "Boudrenghien, Francois"]
[Result "1-0"]
[WhiteElo "2194"]
[BlackElo "2065"]
[PlyCount "71"]
[EventDate "2010.10.17"]
[EventType "team-tourn"]
[EventRounds "11"]
[EventCountry "FRA"]
[SourceTitle "EXT 2012"]
[Source "ChessBase"]
[SourceDate "2011.11.24"]
[SourceVersion "1"]
[SourceVersionDate "2011.11.24"]
[SourceQuality "1"]

1. d4 d6 2. Nf3 Bg4 3. h3 Bxf3 4. exf3 g6 5. c3 Bg7 6. Qb3 Qc8 7. Bc4 e6 8. 0-0 Nf6 9. Re1 0-0 10. Bf4 Nbd7 11. Nd2 Nh5 12. Bh2 Bh6 13. Rad1 Bf4 14. Bf1 d5 15. Bxf4 Nxf4 16. g3 Nh5 17. f4 Nb6 18. Nf3 c6 19. Ne5 Nf6 20. Bg2 Nfd7 21. Qc2 Qc7 22. h4 h5 23. Nxg6 Rfe8 24. Ne5 Nf6 25. f5 Rad8 26. fxe6 fxe6 27. Qg6+ Qg7 28. Bh3 Rd6 29. Qxg7+ Kxg7 30. f3 Nc4 31. Nd3 Kf7 32. b3 Na5 33. Re2 b6 34. Rde1 Nb7 35. Nf4 Nd8 36. Re5 1-0

[Event "FRA-chT2 Nord 0708"]
[Site "France"]
[Date "2008.01.20"]
[Round "6.4"]
[White "Boudrenghien, Francois"]
[Black "De Marchi, Olivier"]
[Result "0-1"]
[WhiteElo "2112"]
[BlackElo "2213"]
[PlyCount "74"]
[EventDate "2007.10.21"]
[EventType "team"]
[EventRounds "11"]
[EventCountry "FRA"]
[SourceTitle "EXT 2009"]
[Source "ChessBase"]
[SourceDate "2008.11.26"]
[SourceVersion "1"]
[SourceVersionDate "2008.11.26"]
[SourceQuality "1"]
[WhiteTeam "Neuville en Ferrain"]
[BlackTeam "Club 608"]
[WhiteTeamCountry "FRA"]
[BlackTeamCountry "FRA"]

1. d4 g6 2. c4 Bg7 3. e4 d6 4. f4 Nf6 5. Nc3 0-0 6. Nf3 c5 7. d5 b5 8. cxb5 a6 9. a4 Bb7 10. Be2 e6 11. dxe6 Nxe4 12. exf7+ Kh8 13. Nxe4 Bxe4 14. 0-0 axb5 15. Bxb5 Na6 16. Ng5 Bf5 17. Qb3 Qf6 18. Qf3 Nb4 19. Kh1 Nc2 20. Bd2 Qxb2 21. Rab1 Nd4 22. Qc3 Qxc3 23. Bxc3 Bxb1 24. Rxb1 h6 25. Ne4 Nxb5 26. Bxg7+ Kxg7 27. axb5 Rxf7 28. g3 Rd7 29. Rd1 c4 30. b6 Rad8 31. Rd4 Kf7 32. b7 Rxb7 33. Rxd6 Rbd7 34. Rf6+ Kg7 35. Rc6 Rd4 36. Nc3 Re8 37. Nb5 Rd2 0-1

[Event "FRA-chT2 Nord 0708"]
[Site "France"]
[Date "2008.01.19"]
[Round "5.5"]
[White "Boudrenghien, Francois"]
[Black "Castaignet, Laurent"]
[Result "0-1"]
[WhiteElo "2112"]
[BlackElo "2153"]
[PlyCount "52"]
[EventDate "2007.10.21"]
[EventType "team"]
[EventRounds "11"]
[EventCountry "FRA"]
[SourceTitle "EXT 2009"]
[Source "ChessBase"]
[SourceDate "2008.11.26"]
[SourceVersion "1"]
[SourceVersionDate "2008.11.26"]
[SourceQuality "1"]
[WhiteTeam "Neuville en Ferrain"]
[BlackTeam "Le Vesinet"]
[WhiteTeamCountry "FRA"]
[BlackTeamCountry "FRA"]

1. d4 Nf6 2. c4 c5 3. d5 e6 4. Nc3 exd5 5. cxd5 d6 6. e4 g6 7. f4 Bg7 8. Nf3 0-0 9. Be2 b5 10. e5 Nfd7 11. Bxb5 dxe5 12. 0-0 Bb7 13. Re1 exf4 14. Bxf4 Nb6 15. d6 Nc6 16. Be3 Ne5 17. Nxe5 Bxe5 18. Bh6 Bxh2+ 19. Kxh2 Qh4+ 20. Kg1 Qxh6 21. Re7 Rab8 22. d7 a6 23. Qd6 axb5 24. Qxb6 Qg5 25. Re2 Bxg2 26. Qxb8 Bc6+ 0-1

[Event "FRA-chT2 Nord 0708"]
[Site "France"]
[Date "2007.11.25"]
[Round "3.1"]
[White "Petitcunot, Pierre"]
[Black "Boudrenghien, Francois"]
[Result "1-0"]
[WhiteElo "2383"]
[BlackElo "2121"]
[PlyCount "55"]
[EventDate "2007.10.21"]
[EventType "team"]
[EventRounds "11"]
[EventCountry "FRA"]
[SourceTitle "EXT 2009"]
[Source "ChessBase"]
[SourceDate "2008.11.26"]
[SourceVersion "1"]
[SourceVersionDate "2008.11.26"]
[SourceQuality "1"]
[WhiteTeam "Henin Beaumont"]
[BlackTeam "Neuville en Ferrain"]
[WhiteTeamCountry "FRA"]
[BlackTeamCountry "FRA"]

1. e4 d6 2. d4 Nf6 3. Nc3 e5 4. Nge2 Nbd7 5. g3 Be7 6. Bg2 c6 7. a4 b6 8. h3 Qc7 9. 0-0 0-0 10. g4 Rd8 11. Be3 a6 12. Ng3 Nf8 13. Nf5 Bxf5 14. exf5 exd4 15. Qxd4 N6d7 16. Qe4 Nb8 17. Bxb6 Qxb6 18. Qxe7 Ra7 19. Qh4 Re8 20. b3 Rae7 21. Nd1 d5 22. Ne3 Nbd7 23. Rad1 Nf6 24. g5 Ne4 25. Ng4 Kh8 26. f6 Ng6 27. fxg7+ Kxg7 28. Qh6+ 1-0

[Event "FRA-chT2 0405"]
[Site "France"]
[Date "2004.11.07"]
[Round "3.3"]
[White "Piot, Olivier"]
[Black "Boudrenghien, Francois"]
[Result "1/2-1/2"]
[WhiteElo "2240"]
[BlackElo "2129"]
[PlyCount "89"]
[EventDate "2004.10.10"]
[EventType "team"]
[EventRounds "11"]
[EventCountry "FRA"]
[SourceTitle "EXT 2006"]
[Source "ChessBase"]
[SourceDate "2005.11.24"]
[SourceVersion "1"]
[SourceVersionDate "2005.11.24"]
[SourceQuality "1"]
[WhiteTeam "Rosny sous Bois"]
[BlackTeam "Neuville en Ferrain"]
[WhiteTeamCountry "FRA"]
[BlackTeamCountry "FRA"]

1. d4 d6 2. Nf3 Bg4 3. c4 Nd7 4. e4 e5 5. Be3 Ngf6 6. Nc3 c6 7. Be2 Be7 8. 0-0 0-0 9. Qc2 Qc7 10. Rac1 b6 11. b4 Rfe8 12. b5 c5 13. d5 Nf8 14. Ne1 Ng6 15. Nd3 h6 16. f3 Bd7 17. g3 Nh7 18. h4 Bf6 19. Kh2 Qd8 20. Bf2 a6 21. Nb2 a5 22. Nbd1 Qc7 23. Ne3 Kf8 24. Nf5 Ne7 25. Ne3 Reb8 26. Ng4 Ke8 27. f4 Kd8 28. fxe5 Bxe5 29. Nxe5 dxe5 30. Be3 f6 31. d6 Qxd6 32. Rcd1 Qe6 33. Kg1 Kc7 34. Na4 Qh3 35. Bf2 Rd8 36. Qc3 Bg4 37. Bf3 Bxf3 38. Qxf3 Nf8 39. Qh5 Qe6 40. Rd5 Nxd5 41. cxd5 Qe8 42. Qe2 Ng6 43. Rc1 Kb7 44. Qg4 Qf7 45. Qf3 1/2-1/2

[Event "FRA-chT3 North 0304"]
[Site "France"]
[Date "2004.04.04"]
[Round "9.2"]
[White "Ait Chaouche, Samy"]
[Black "Boudrenghien, Francois"]
[Result "1-0"]
[WhiteElo "2090"]
[BlackElo "2093"]
[PlyCount "63"]
[EventDate "2003.11.??"]
[EventType "team"]
[EventRounds "9"]
[EventCountry "FRA"]
[SourceTitle "EXT 2006"]
[Source "ChessBase"]
[SourceDate "2005.11.24"]
[SourceVersion "1"]
[SourceVersionDate "2005.11.24"]
[SourceQuality "1"]
[WhiteTeam "Baisieux"]
[BlackTeam "Neuville en Ferrain"]
[WhiteTeamCountry "FRA"]
[BlackTeamCountry "FRA"]

1. e3 e5 2. d3 d6 3. d4 e4 4. c4 f5 5. d5 Nf6 6. Ne2 Be7 7. g3 0-0 8. b3 Ng4 9. Nd2 Bf6 10. Rb1 a5 11. h4 Na6 12. a3 Nc5 13. Nf4 Qe7 14. Be2 Ne5 15. Qc2 Bd7 16. Bb2 g6 17. Bxe5 Bxe5 18. Ng2 Qg7 19. 0-0 h6 20. Rfc1 g5 21. Kh1 Qe7 22. Rg1 Kh8 23. hxg5 hxg5 24. Ne1 f4 25. Rg2 f3 26. Rh2+ Kg8 27. Nexf3 exf3 28. Bxf3 Rxf3 29. Nxf3 Bf5 30. Qxf5 Qf6 31. Qh7+ Kf8 32. Nxe5 1-0

[Event "FRA-chT3 North 0304"]
[Site "France"]
[Date "2003.11.15"]
[Round "2.2"]
[White "Platel, Alexandre"]
[Black "Boudrenghien, Francois"]
[Result "1/2-1/2"]
[WhiteElo "2088"]
[BlackElo "2093"]
[PlyCount "97"]
[EventDate "2003.11.??"]
[EventType "team"]
[EventRounds "9"]
[EventCountry "FRA"]
[SourceTitle "EXT 2006"]
[Source "ChessBase"]
[SourceDate "2005.11.24"]
[SourceVersion "1"]
[SourceVersionDate "2005.11.24"]
[SourceQuality "1"]
[WhiteTeam "Cappelle la Grande"]
[BlackTeam "Neuville en Ferrain"]
[WhiteTeamCountry "FRA"]
[BlackTeamCountry "FRA"]

1. e4 d6 2. d4 Nf6 3. Nc3 e5 4. Nf3 Nbd7 5. Bc4 Be7 6. 0-0 h6 7. Be3 c6 8. Bb3 Qc7 9. Qd3 Nf8 10. Qc4 Ne6 11. d5 cxd5 12. Qxc7 Nxc7 13. exd5 0-0 14. a4 b6 15. Bc4 Bd7 16. h3 Kh8 17. Rfd1 Nfe8 18. Nb5 f5 19. Nxc7 Nxc7 20. Nxe5 dxe5 21. d6 Bxd6 22. Rxd6 Bc8 23. f4 Ne8 24. Rd8 Bb7 25. Rxa8 Bxa8 26. fxe5 Be4 27. Bd3 Rf7 28. Bxe4 fxe4 29. Rd1 Re7 30. Bf4 Nc7 31. Bg3 Ne6 32. Kf2 Kg8 33. Ke3 Kf8 34. b3 Nc5 35. Rd8+ Kf7 36. Rd4 Ke6 37. Rc4 Kf5 38. a5 g5 39. axb6 axb6 40. b4 Ne6 41. Rxe4 Rc7 42. c4 Ra7 43. Kf3 Ra3+ 44. Re3 Nd4+ 45. Kf2 Ra2+ 46. Kg1 Rc2 47. Bf2 Rxc4 48. g4+ Ke6 49. Kg2 1/2-1/2

[Event "FRA-chT3 North 0304"]
[Site "France"]
[Date "2003.10.12"]
[Round "1.3"]
[White "Loriette, Pierre"]
[Black "Boudrenghien, Francois"]
[Result "1/2-1/2"]
[WhiteElo "2027"]
[BlackElo "2093"]
[PlyCount "68"]
[EventDate "2003.11.??"]
[EventType "team"]
[EventRounds "9"]
[EventCountry "FRA"]
[SourceTitle "EXT 2006"]
[Source "ChessBase"]
[SourceDate "2005.11.24"]
[SourceVersion "1"]
[SourceVersionDate "2005.11.24"]
[SourceQuality "1"]
[WhiteTeam "Boulogne sur Mer"]
[BlackTeam "Neuville en Ferrain"]
[WhiteTeamCountry "FRA"]
[BlackTeamCountry "FRA"]

1. d4 d6 2. c4 e5 3. e4 exd4 4. Qxd4 Nc6 5. Qd1 g6 6. Nc3 Bg7 7. Nd5 Nce7 8. Bd3 Nf6 9. Ne2 0-0 10. Nxf6+ Bxf6 11. 0-0 Bg7 12. Qc2 Nc6 13. Bd2 Ne5 14. Bc3 f5 15. Bxe5 Bxe5 16. f4 Bg7 17. exf5 Bxf5 18. Bxf5 Rxf5 19. Ng3 Rf8 20. Rae1 Qf6 21. b3 Rae8 22. Rxe8 Rxe8 23. f5 gxf5 24. Nxf5 Qe5 25. Nxg7 Qe3+ 26. Kh1 Kxg7 27. Qf5 Qe6 28. Qf3 c6 29. h3 Qe7 30. Rd1 Rd8 31. Qg3+ Kh8 32. Qc3+ Qg7 33. Qa5 Rg8 34. Qd2 b6 1/2-1/2

[Event "FRA-chT3 Gr8 0203"]
[Site "France"]
[Date "2003.02.02"]
[Round "6"]
[White "Boudrenghien, Francois"]
[Black "Dupont, Dany"]
[Result "0-1"]
[WhiteElo "2093"]
[BlackElo "1990"]
[PlyCount "84"]
[EventDate "2002.10.??"]
[EventType "team"]
[EventRounds "9"]
[EventCountry "FRA"]
[SourceTitle "EXT 2005"]
[Source "ChessBase"]
[SourceDate "2004.11.15"]
[SourceVersion "1"]
[SourceVersionDate "2004.11.15"]
[SourceQuality "1"]

1. d4 Nf6 2. c4 g6 3. Nc3 Bg7 4. e4 0-0 5. f4 d6 6. Nf3 c5 7. d5 e6 8. Be2 exd5 9. cxd5 Re8 10. e5 dxe5 11. fxe5 Ng4 12. Bg5 Qa5 13. 0-0 Nxe5 14. d6 Be6 15. Nd5 Nxf3+ 16. Bxf3 Nd7 17. Nc7 Bxb2 18. Nxe6 fxe6 19. Bxb7 Bxa1 20. Qxa1 c4 21. Bh6 e5 22. Bxa8 Rxa8 23. Qd1 e4 24. Qe2 Qd5 25. Rd1 Qc6 26. Rd4 Re8 27. Rxc4 Qxd6 28. Rxe4 Qb6+ 29. Re3 Nf6 30. Kf1 Qb1+ 31. Kf2 Qb6 32. Kf1 Qb1+ 33. Kf2 Qb6 34. Kg3 Qd6+ 35. Kh3 Qd7+ 36. Kg3 Qd6+ 37. Kh3 Qd7+ 38. Kg3 Qd6+ 39. Kf2 Rxe3 40. Bxe3 Qe6 41. h3 a6 42. Qd2 Ne4+ 0-1

[Event "FRA-chT3 Gr8 0203"]
[Site "France"]
[Date "2003.01.19"]
[Round "5"]
[White "Delchambre, Pascal"]
[Black "Boudrenghien, Francois"]
[Result "0-1"]
[WhiteElo "1930"]
[BlackElo "2093"]
[PlyCount "54"]
[EventDate "2002.10.??"]
[EventType "team"]
[EventRounds "9"]
[EventCountry "FRA"]
[SourceTitle "EXT 2005"]
[Source "ChessBase"]
[SourceDate "2004.11.15"]
[SourceVersion "1"]
[SourceVersionDate "2004.11.15"]
[SourceQuality "1"]

1. c4 Nf6 2. Nc3 g6 3. g3 Bg7 4. Bg2 0-0 5. e4 d6 6. Nge2 e5 7. 0-0 Nc6 8. d3 Nh5 9. h3 f5 10. Nd5 Be6 11. Nec3 f4 12. g4 Nf6 13. Bd2 Qd7 14. Nxf6+ Bxf6 15. Nd5 Bg7 16. b4 Nd4 17. f3 h5 18. Nc3 hxg4 19. fxg4 f3 20. Bxf3 Rxf3 21. Rxf3 Bxg4 22. Rf7 Qxf7 23. hxg4 Rf8 24. Be3 Bh6 25. Bxh6 Qf2+ 26. Kh1 Nf3 27. Qe2 Qh4+ 0-1

[Event "FRA-chT3 Gr8 0203"]
[Site "France"]
[Date "2002.12.08"]
[Round "4"]
[White "Boudrenghien, Francois"]
[Black "Gonzales, Mathias"]
[Result "1-0"]
[WhiteElo "2093"]
[BlackElo "1910"]
[PlyCount "67"]
[EventDate "2002.10.??"]
[EventType "team"]
[EventRounds "9"]
[EventCountry "FRA"]
[SourceTitle "EXT 2005"]
[Source "ChessBase"]
[SourceDate "2004.11.15"]
[SourceVersion "1"]
[SourceVersionDate "2004.11.15"]
[SourceQuality "1"]

1. d4 d6 2. c4 g6 3. e4 Bg7 4. f4 Nd7 5. Nc3 c5 6. d5 Ngf6 7. Nf3 0-0 8. Be2 a6 9. 0-0 Ne8 10. Be3 Rb8 11. a4 a5 12. Bf2 Nc7 13. Bg3 f6 14. Bd3 Na6 15. Qe2 Nb4 16. Bb1 b6 17. Ra3 Ba6 18. Nd1 Rb7 19. Re3 Kh8 20. b3 Qe8 21. Nc3 Qf7 22. Rd1 h6 23. e5 fxe5 24. fxe5 dxe5 25. Nxe5 Nxe5 26. Bxe5 Bxe5 27. Rxe5 Qf6 28. Re3 Qg7 29. Qg4 g5 30. Re6 Rf6 31. Rxf6 Qxf6 32. Qc8+ Kg7 33. Rf1 Ra7 34. Qe8 1-0

[Event "Bethune-B"]
[Site "Bethune"]
[Date "2002.07.12"]
[Round "8.10"]
[White "Swiercz, Sandra"]
[Black "Boudrenghien, Francois"]
[Result "0-1"]
[WhiteElo "1910"]
[BlackElo "2020"]
[PlyCount "152"]
[EventDate "2002.07.06"]
[EventType "tourn"]
[EventRounds "9"]
[EventCountry "FRA"]
[SourceTitle "EXT 2005"]
[Source "ChessBase"]
[SourceDate "2004.11.15"]
[SourceVersion "1"]
[SourceVersionDate "2004.11.15"]
[SourceQuality "1"]

1. e4 c5 2. Nc3 Nc6 3. g3 g6 4. Bg2 Bg7 5. d3 d6 6. Be3 e6 7. Qd2 Qa5 8. f4 Nge7 9. Nf3 Nd4 10. 0-0 Bd7 11. Rfc1 0-0 12. Bxd4 cxd4 13. Nd5 Nc6 14. Ne7+ Kh8 15. Nxc6 Qxd2 16. Nxd2 bxc6 17. Nc4 d5 18. Ne5 Be8 19. c3 f6 20. Ng4 dxc3 21. bxc3 Bd7 22. e5 f5 23. Nf2 Rfb8 24. Rab1 Bf8 25. Rb3 Rb6 26. Rcb1 Rab8 27. d4 c5 28. Rxb6 Rxb6 29. Rxb6 axb6 30. dxc5 Bxc5 31. Bf1 Kg8 32. Bd3 Kf8 33. Kf1 Ke8 34. c4 Bc6 35. cxd5 Bxd5 36. Bb5+ Kf7 37. a4 Bd4 38. Nd3 h6 39. Nf2 g5 40. Ke2 Bb3 41. Kf3 Bd5+ 42. Ke2 Bg2 43. Bd7 Ke7 44. Bb5 Kd8 45. Bc4 Kd7 46. Bb5+ Kc7 47. Bc4 Kd7 48. Bb5+ Ke7 49. Bc4 Bc6 50. Bb5 Bd5 51. Ba6 Bc5 52. Bb5 Kd8 53. Ba6 Kc7 54. Bb5 Kb7 55. Bd3 Bb3 56. Bb5 Bd4 57. Kf3 Bc5 58. Ke2 Be7 59. Kf3 h5 60. Ke2 h4 61. Nh3 gxf4 62. gxf4 Ba3 63. Ng5 Bc1 64. Bd7 Bxf4 65. Bxe6 Bxe6 66. Nxe6 Bxe5 67. h3 Kc6 68. Nd8+ Kc5 69. Kf3 Bg3 70. Nb7+ Kb4 71. Nd8 Kxa4 72. Ne6 Be5 73. Ke2 Kb3 74. Kd3 b5 75. Nc5+ Kb2 76. Na6 Bd6 0-1

[Event "Bethune-B"]
[Site "Bethune"]
[Date "2002.07.08"]
[Round "4.8"]
[White "Majcher, Bernard"]
[Black "Boudrenghien, Francois"]
[Result "1/2-1/2"]
[WhiteElo "1870"]
[BlackElo "2020"]
[PlyCount "47"]
[EventDate "2002.07.06"]
[EventType "tourn"]
[EventRounds "9"]
[EventCountry "FRA"]
[SourceTitle "EXT 2005"]
[Source "ChessBase"]
[SourceDate "2004.11.15"]
[SourceVersion "1"]
[SourceVersionDate "2004.11.15"]
[SourceQuality "1"]

1. d4 Nf6 2. e3 g6 3. f4 Bg7 4. Nf3 0-0 5. Bd3 d6 6. 0-0 Nbd7 7. b3 e5 8. Nbd2 exd4 9. exd4 Nd5 10. Ne4 N7f6 11. Nxf6+ Qxf6 12. f5 Qd8 13. fxg6 hxg6 14. c4 Ne7 15. Bg5 f6 16. Be3 Bf5 17. Nh4 Bxd3 18. Qxd3 g5 19. Nf5 Nxf5 20. Qxf5 Rb8 21. Qe6+ Kh7 22. Rf3 Qe8 23. Rh3+ Bh6 24. Qg4 1/2-1/2

[Event "Douai op"]
[Site "Douai"]
[Date "1993.??.??"]
[Round "5"]
[White "Boudrenghien, Francois"]
[Black "McDonald, Neil R"]
[Result "0-1"]
[WhiteElo "2000"]
[BlackElo "2410"]
[PlyCount "54"]
[EventDate "1993.??.??"]
[EventType "swiss"]
[EventRounds "9"]
[EventCountry "FRA"]
[SourceTitle "EXT 2004"]
[Source "ChessBase"]
[SourceDate "2003.11.25"]
[SourceVersion "1"]
[SourceVersionDate "2003.11.25"]
[SourceQuality "1"]

1. d4 Nf6 2. c4 g6 3. Nc3 Bg7 4. e4 d6 5. f4 0-0 6. Nf3 c5 7. d5 e6 8. Be2 exd5 9. cxd5 Bg4 10. 0-0 Nbd7 11. h3 Bxf3 12. Bxf3 c4 13. Be3 Re8 14. g4 h6 15. h4 b5 16. g5 b4 17. gxf6 Nxf6 18. e5 bxc3 19. exf6 Qxf6 20. Bf2 cxb2 21. Rb1 Qxf4 22. Kg2 Be5 23. Rh1 Rac8 24. Qc2 c3 25. Be1 Bd4 26. Bf2 Bxf2 27. Kxf2 Re3 0-1